[Event "SWE-chT 1415 Superettan"]
[Site "Sweden"]
[Date "2014.11.22"]
[Round "2"]
[White "Mohammadi, Amir"]
[Black "Kyhle, Bo"]
[Result "1-0"]
[WhiteElo "2223"]
[BlackElo "2172"]
[PlyCount "59"]
[EventDate "2014.11.21"]
[EventType "team-tourn"]
[EventRounds "9"]
[EventCountry "SWE"]
[SourceTitle "EXT 2018"]
[Source "ChessBase"]
[SourceDate "2017.10.13"]
[SourceVersion "1"]
[SourceVersionDate "2017.10.13"]
[SourceQuality "1"]
[WhiteTeam "Kamraterna"]
[BlackTeam "Stockholm Rockaden II"]
[WhiteTeamCountry "SWE"]
[BlackTeamCountry "SWE"]

1. e4 e6 2. d3 d5 3. Nd2 Nf6 4. e5 Nfd7 5. f4 c5 6. Ngf3 Nc6 7. g3 f6 8. Bh3 fxe5 9. Bxe6 exf4 10. Bxd5 Nf6 11. Qe2+ Be7 12. Bxc6+ bxc6 13. Ne4 Nd5 14. Ne5 0-0 15. Nxc6 Qc7 16. Nxe7+ Qxe7 17. Bxf4 Nxf4 18. gxf4 Rxf4 19. 0-0-0 Bg4 20. Qe3 Raf8 21. Rde1 c4 22. Rhg1 cxd3 23. cxd3 Rf3 24. Qg5 Qc7+ 25. Kb1 Be6 26. Nc5 Bf5 27. Re7 Bxd3+ 28. Nxd3 Rf1+ 29. Rxf1 Rxf1+ 30. Ne1 1-0

[Event "SWE-chT 1415 Superettan"]
[Site "Sweden"]
[Date "2014.11.21"]
[Round "1"]
[White "Lindahl, Emil"]
[Black "Kyhle, Bo"]
[Result "0-1"]
[WhiteElo "2130"]
[BlackElo "2172"]
[PlyCount "132"]
[EventDate "2014.11.21"]
[EventType "team-tourn"]
[EventRounds "9"]
[EventCountry "SWE"]
[SourceTitle "EXT 2018"]
[Source "ChessBase"]
[SourceDate "2017.10.13"]
[SourceVersion "1"]
[SourceVersionDate "2017.10.13"]
[SourceQuality "1"]
[WhiteTeam "Vaxjo"]
[BlackTeam "Stockholm Rockaden II"]
[WhiteTeamCountry "SWE"]
[BlackTeamCountry "SWE"]

1. d4 Nf6 2. c4 g6 3. Nf3 Bg7 4. g3 0-0 5. Bg2 d6 6. Nc3 Nbd7 7. 0-0 e5 8. e4 exd4 9. Nxd4 Re8 10. Re1 Nc5 11. h3 Bd7 12. Rb1 h6 13. b4 Ne6 14. Nb3 Ng5 15. Bxg5 hxg5 16. Qd2 g4 17. hxg4 Nxg4 18. Nd5 c6 19. Ne3 Bh6 20. f4 Be6 21. Nxg4 Bxg4 22. c5 dxc5 23. Qxd8 Raxd8 24. Nxc5 b6 25. Nb3 Bf8 26. a3 Rd3 27. Kf2 Be6 28. Re3 Red8 29. Bf1 Rd1 30. Rxd1 Rxd1 31. Be2 Rb1 32. Nd4 Bd7 33. Rb3 Ra1 34. Kf3 c5 35. bxc5 Bxc5 36. Nc2 Rc1 37. Nb4 Ra1 38. Nc2 Ra2 39. Nb4 Rd2 40. Rd3 Rxd3+ 41. Bxd3 a5 42. Nd5 Kf8 43. Bc2 b5 44. a4 bxa4 45. Bd3 a3 46. Bc4 Ba4 47. Ne3 Bxe3 48. Kxe3 Bc2 49. Kd2 Bxe4 50. Kc3 Bf5 51. Kb3 Be6 52. Bxe6 fxe6 53. Kxa3 Kf7 54. Ka4 Kf6 55. g4 e5 56. g5+ Kf5 57. fxe5 Kxe5 58. Kxa5 Kf5 59. Kb4 Kxg5 60. Kc3 Kf4 61. Kd2 Kf3 62. Ke1 Kg2 63. Ke2 g5 64. Ke1 g4 65. Ke2 g3 66. Ke1 Kh2 0-1

[Event "Stockholm op 08"]
[Site "Stockholm"]
[Date "2012.08.??"]
[Round "4"]
[White "Evertsson, Lennart"]
[Black "Kyhle, Bo"]
[Result "1/2-1/2"]
[WhiteElo "2197"]
[BlackElo "2179"]
[PlyCount "133"]
[EventDate "2012.08.??"]
[EventType "swiss"]
[EventRounds "9"]
[EventCountry "SWE"]
[SourceTitle "EXT 2013"]
[Source "ChessBase"]
[SourceDate "2012.11.22"]
[SourceVersion "1"]
[SourceVersionDate "2012.11.22"]
[SourceQuality "1"]

1. c4 g6 2. Nc3 Bg7 3. Nf3 d6 4. g3 Nf6 5. Bg2 0-0 6. d4 Nbd7 7. 0-0 e5 8. dxe5 dxe5 9. b3 Re8 10. Ba3 c6 11. Qc2 Bf8 12. Bb2 Qc7 13. Rad1 Nc5 14. e4 Bg4 15. h3 Bxf3 16. Bxf3 a5 17. Ne2 Rad8 18. Bg2 Rxd1 19. Rxd1 Bg7 20. Bc3 b6 21. a3 Ne6 22. Qb2 Nd7 23. f4 c5 24. fxe5 Bxe5 25. Rd5 Bxc3 26. Qxc3 Ndf8 27. a4 Qe7 28. Qd2 h5 29. Rd6 h4 30. gxh4 Qxh4 31. Qc3 Qh5 32. Qe3 Qe5 33. Rd5 Qa1+ 34. Kh2 Nh7 35. Rd6 Qe1 36. Qd2 Qf2 37. Ng3 Qxd2 38. Rxd2 Rd8 39. Rxd8+ Nxd8 40. Ne2 Ne6 41. Nc3 Nf6 42. Bf3 Kf8 43. Kg3 Nd4 44. Bd1 Nd7 45. Kf4 f6 46. Nd5 Kf7 47. h4 Ne6+ 48. Ke3 Nd4 49. Kd2 Nc6 50. h5 g5 51. Bg4 Nce5 52. Bd1 Kg7 53. Ne7 Nf8 54. Ke3 Kh7 55. Kf2 Kg7 56. Kg3 Kf7 57. Nc8 Nfd7 58. Bg4 Kg7 59. Ne7 Kh6 60. Nd5 Kg7 61. Bxd7 Nxd7 62. Kg4 Kh6 63. Kf5 Kg7 64. Ke6 Nf8+ 65. Ke7 Nh7 66. Ne3 Kh6 67. Kf7 1/2-1/2

[Event "Stockholm op"]
[Site "Stockholm"]
[Date "2011.08.20"]
[Round "8"]
[White "Cederstam Barsk, Carl"]
[Black "Kyhle, Bo"]
[Result "0-1"]
[WhiteElo "2093"]
[BlackElo "2190"]
[PlyCount "142"]
[EventDate "2011.06.01"]
[EventType "swiss"]
[EventRounds "7"]
[EventCountry "SWE"]
[SourceTitle "CBM 142 Extra"]
[Source "ChessBase"]
[SourceDate "2011.06.27"]
[SourceVersion "1"]
[SourceVersionDate "2011.06.27"]
[SourceQuality "1"]

1. d4 Nf6 2. c4 g6 3. Nc3 d6 4. e4 Bg7 5. Nf3 0-0 6. Be2 e5 7. 0-0 Na6 8. Be3 Ng4 9. Bg5 f6 10. Bh4 Qe8 11. dxe5 dxe5 12. Qb3 Kh8 13. Rad1 h5 14. h3 Nh6 15. Qa3 c6 16. Rd6 Be6 17. Rfd1 Nf7 18. R6d2 Rg8 19. c5 Nc7 20. Qb4 Rb8 21. Bc4 Na6 22. Bxa6 bxa6 23. Qa3 g5 24. Bg3 Qc8 25. Ne1 h4 26. Bh2 g4 27. hxg4 Bxg4 28. f3 Be6 29. Kh1 Bh6 30. Rd3 Rg7 31. b3 Qb7 32. Ne2 Rbg8 33. Qb2 Qc8 34. f4 Bg4 35. fxe5 fxe5 36. Nf3 h3 37. Nxe5 hxg2+ 38. Kg1 Kh7 39. Re1 Ng5 40. Nf4 Nh3+ 41. Nxh3 Bxh3 42. Qc3 Be6 43. Rd6 Qe8 44. Nf3 Rf7 45. Nd4 Rf1+ 46. Rxf1 gxf1Q+ 47. Kxf1 Qg6 48. Qc2 Bh3+ 49. Ke1 Qh5 50. e5+ Kh8 51. Qe4 Bg2 52. Rxh6+ Qxh6 53. Qf4 Qxf4 54. Bxf4 Rg4 55. Be3 Kg8 56. Kd2 Be4 57. Ne6 Kf7 58. Nc7 Ke7 59. Nxa6 Ke6 60. Kc3 Kxe5 61. Bd4+ Ke6 62. Nc7+ Kd7 63. Be5 Bf5 64. Bd6 Be6 65. Na6 Kc8 66. a4 Kb7 67. Nc7 Bf7 68. a5 a6 69. Be5 Rg8 70. b4 Rc8 71. b5 cxb5 0-1

[Event "SWE-chT2 0809"]
[Site "Sweden"]
[Date "2008.12.06"]
[Round "3"]
[White "Kyhle, Bo"]
[Black "Ostling, Hakan"]
[Result "0-1"]
[WhiteElo "2162"]
[BlackElo "2216"]
[PlyCount "58"]
[EventDate "2008.10.25"]
[EventType "team-tourn"]
[EventRounds "9"]
[EventCountry "SWE"]
[SourceTitle "EXT 2011"]
[Source "ChessBase"]
[SourceDate "2010.11.26"]
[SourceVersion "1"]
[SourceVersionDate "2010.11.26"]
[SourceQuality "1"]

1. d4 f5 2. g3 Nf6 3. Bg2 g6 4. Nf3 Bg7 5. 0-0 0-0 6. Nbd2 Nc6 7. c3 d5 8. Qb3 Qd6 9. a4 h6 10. Re1 Ne4 11. Nf1 g5 12. N3d2 Kh8 13. f3 Nxd2 14. Bxd2 f4 15. e3 e5 16. Qa3 Qg6 17. dxe5 fxg3 18. hxg3 Nxe5 19. f4 Nc4 20. Qa2 gxf4 21. gxf4 Bg4 22. b3 Bf3 23. Bc1 Bxc3 24. bxc4 Rg8 25. Re2 Bxe2 26. Qxe2 Bxa1 27. Bb2+ Bxb2 28. Qxb2+ Rg7 29. Kh2 Rag8 0-1

[Event "SWE-ch Seniors"]
[Site "Stockholm"]
[Date "2007.07.10"]
[Round "6"]
[White "Kyhle, Bo"]
[Black "Akvist, Hakan"]
[Result "1-0"]
[WhiteElo "2232"]
[BlackElo "2161"]
[PlyCount "121"]
[EventDate "2007.07.04"]
[EventType "swiss"]
[EventRounds "9"]
[EventCountry "SWE"]
[SourceTitle "CBM 119 Extra"]
[Source "ChessBase"]
[SourceDate "2007.09.04"]
[SourceVersion "1"]
[SourceVersionDate "2007.09.04"]
[SourceQuality "1"]

1. e4 d6 2. d4 Nf6 3. Nc3 g6 4. g3 Bg7 5. Bg2 0-0 6. Nge2 Nbd7 7. 0-0 Rb8 8. a4 a6 9. a5 b5 10. axb6 Rxb6 11. h3 Rb8 12. b3 c5 13. Be3 Qc7 14. Qd2 Bb7 15. d5 Bc8 16. Rab1 a5 17. Rfe1 Ba6 18. g4 Rfc8 19. Na4 Rb4 20. f3 Rcb8 21. Rbd1 Bxe2 22. Qxe2 Ne8 23. Bd2 R4b7 24. Bf1 Ra8 25. Bc3 Bxc3 26. Nxc3 Rb4 27. Qe3 Qb7 28. Rd2 Nc7 29. h4 c4 30. Bxc4 a4 31. Na2 Rxc4 32. bxc4 Na6 33. Rdd1 Qc7 34. Qe2 Ne5 35. Kg2 Rb8 36. Nc3 Qa5 37. Nb5 Nc5 38. f4 Nxc4 39. Qxc4 Rxb5 40. Re3 Rb4 41. Qc3 Qb5 42. Rd4 Rb1 43. Re1 Rxe1 44. Qxe1 Qb2 45. Qd2 a3 46. Rb4 Qa2 47. g5 f6 48. Qc3 Kf7 49. h5 gxh5 50. gxf6 exf6 51. f5 h4 52. Kh3 Ke7 53. Kxh4 Kd7 54. Qxf6 Qxc2 55. Qf7+ Kc8 56. Qe8+ Kc7 57. Qc6+ Kd8 58. Rb8+ Ke7 59. f6+ Kf7 60. Qe8+ Kxf6 61. Qh8+ 1-0

[Event "Stockholm Elo"]
[Site "Stockholm"]
[Date "2002.??.??"]
[Round "6"]
[White "Collett, Peter"]
[Black "Kyhle, Bo"]
[Result "1-0"]
[WhiteElo "2000"]
[BlackElo "2268"]
[PlyCount "103"]
[EventDate "2002.06.08"]
[EventType "tourn"]
[EventRounds "9"]
[EventCountry "SWE"]
[SourceTitle "EXT 2003"]
[Source "ChessBase"]
[SourceDate "2002.11.25"]
[SourceVersion "1"]
[SourceVersionDate "2002.11.25"]
[SourceQuality "1"]

1. d4 Nf6 2. c4 g6 3. Nc3 Bg7 4. e4 d6 5. f3 a6 6. Be3 0-0 7. Qd2 Nbd7 8. Bd3 c6 9. Nge2 b5 10. 0-0 e5 11. cxb5 axb5 12. b3 Bb7 13. Kh1 Qe7 14. a4 b4 15. Na2 exd4 16. Bxd4 c5 17. Bb2 d5 18. exd5 Nxd5 19. Bxg7 Kxg7 20. Ng3 Qf6 21. Bb5 N5b6 22. Rae1 Rfd8 23. Ne4 Nf8 24. Qc2 Bxe4 25. fxe4 Qe5 26. Nc1 Ne6 27. Qf2 Ra7 28. Nd3 Qd4 29. Qg3 Nc7 30. Ne5 Nxb5 31. axb5 Qc3 32. Qxc3 bxc3 33. Nc6 Rdd7 34. Nxa7 Rxa7 35. Ra1 Rb7 36. Rfc1 Nc8 37. Rxc3 Rxb5 38. e5 Ne7 39. g3 Nd5 40. Rf3 Rb7 41. Ra5 Rc7 42. Rd3 Nb6 43. Rc3 Nd7 44. b4 c4 45. Kg2 Rc6 46. Kf3 Re6 47. Kf4 Nb6 48. Ke4 h6 49. Kd4 h5 50. Ra6 g5 51. Rxc4 Kg6 52. Rc7 1-0

[Event "Stockholm Elo"]
[Site "Stockholm"]
[Date "2002.??.??"]
[Round "3"]
[White "Kyhle, Bo"]
[Black "Bergstrom, Peter"]
[Result "0-1"]
[WhiteElo "2268"]
[BlackElo "2306"]
[PlyCount "122"]
[EventDate "2002.06.08"]
[EventType "tourn"]
[EventRounds "9"]
[EventCountry "SWE"]
[SourceTitle "EXT 2003"]
[Source "ChessBase"]
[SourceDate "2002.11.25"]
[SourceVersion "1"]
[SourceVersionDate "2002.11.25"]
[SourceQuality "1"]

1. e4 c6 2. d4 d5 3. exd5 cxd5 4. c4 Nf6 5. Nc3 g6 6. Qb3 Bg7 7. cxd5 0-0 8. Be2 Nbd7 9. Bf3 Nb6 10. Nge2 Bg4 11. Bxg4 Nxg4 12. a4 a5 13. 0-0 Qd6 14. Bf4 Qb4 15. Qd1 Nf6 16. d6 exd6 17. Ra3 Nfd5 18. Rb3 Qc4 19. Bxd6 Rfe8 20. Bc5 Nxa4 21. Nxd5 Qxd5 22. Nf4 Qf5 23. g3 Rad8 24. Rb5 Nxc5 25. Rxc5 Qxc5 26. dxc5 Rxd1 27. Rxd1 Bxb2 28. Rb1 Bd4 29. Rxb7 Bxc5 30. Rb5 Re5 31. Rb8+ Kg7 32. Kg2 Bd4 33. Ra8 Rb5 34. Kf3 Bb6 35. Nd3 Rb3 36. Ke2 Ra3 37. Ra6 Bd4 38. Rd6 Bc3 39. Ra6 Ra2+ 40. Kf3 a4 41. Ke4 a3 42. Kd5 Bf6 43. h4 h5 44. Nb4 Rxf2 45. Rxa3 Be7 46. Rb3 Bxb4 47. Rxb4 Rf3 48. g4 hxg4 49. Rxg4 Kh6 50. Ke5 Kh5 51. Ra4 Rf5+ 52. Kd6 Rf1 53. Ke7 f5 54. Kf6 Rg1 55. Ra8 Kxh4 56. Rh8+ Kg3 57. Kxg6 f4 58. Kf5 f3 59. Ke4 Re1+ 60. Kd3 f2 61. Rg8+ Kh4 0-1

[Event "Stockholm Elo"]
[Site "Stockholm"]
[Date "2002.??.??"]
[Round "7"]
[White "Kyhle, Bo"]
[Black "Johansson, Gunnar"]
[Result "0-1"]
[WhiteElo "2268"]
[BlackElo "2199"]
[PlyCount "54"]
[EventDate "2002.06.08"]
[EventType "tourn"]
[EventRounds "9"]
[EventCountry "SWE"]
[SourceTitle "EXT 2003"]
[Source "ChessBase"]
[SourceDate "2002.11.25"]
[SourceVersion "1"]
[SourceVersionDate "2002.11.25"]
[SourceQuality "1"]

1. e4 c5 2. Nf3 e6 3. Nc3 a6 4. g3 b5 5. d4 cxd4 6. Nxd4 b4 7. Na4 Bb7 8. Bg2 Nf6 9. 0-0 Nxe4 10. Re1 d5 11. Nxe6 fxe6 12. Bxe4 dxe4 13. Qh5+ g6 14. Qg4 Qf6 15. Rxe4 Bxe4 16. Qxe4 Ra7 17. Be3 Rd7 18. Bf4 Bd6 19. Nb6 Rd8 20. Nd5 Qf5 21. Bxd6 Qxd5 22. Qxd5 exd5 23. Bxb4 Nc6 24. Bc5 Kf7 25. Rd1 Rhe8 26. Kf1 Re4 27. Rd2 Ne5 0-1

[Event "Stockholm Elo"]
[Site "Stockholm"]
[Date "2002.??.??"]
[Round "8"]
[White "Winge, Stefan"]
[Black "Kyhle, Bo"]
[Result "1-0"]
[WhiteElo "2275"]
[BlackElo "2268"]
[PlyCount "109"]
[EventDate "2002.06.08"]
[EventType "tourn"]
[EventRounds "9"]
[EventCountry "SWE"]
[SourceTitle "EXT 2003"]
[Source "ChessBase"]
[SourceDate "2002.11.25"]
[SourceVersion "1"]
[SourceVersionDate "2002.11.25"]
[SourceQuality "1"]

1. e4 e6 2. d4 d5 3. Nc3 Bb4 4. e5 c5 5. a3 Bxc3+ 6. bxc3 Qc7 7. Nf3 Ne7 8. a4 h6 9. Ba3 b6 10. Bd3 Ba6 11. 0-0 Bxd3 12. cxd3 Nd7 13. Re1 0-0 14. c4 Rfc8 15. Rc1 Qb7 16. h4 Ng6 17. g3 a6 18. h5 Ngf8 19. dxc5 Nxc5 20. d4 Ncd7 21. Nd2 b5 22. c5 Nb8 23. Rb1 Qd7 24. Nb3 Nc6 25. Qd2 Rcb8 26. Na5 Qc7 27. Nxc6 Qxc6 28. Qa5 Nd7 29. Rb4 Rb7 30. Reb1 Qc8 31. R4b3 Rba7 32. Bc1 bxa4 33. Qxa4 Nb8 34. Rb6 Rc7 35. Bd2 a5 36. Kg2 Nc6 37. f4 Qd7 38. Kh3 Nxe5 39. Rb8+ Rc8 40. Rxa8 Qxa4 41. Rxc8+ Kh7 42. dxe5 Qe4 43. Re1 Qd3 44. Bxa5 Qa6 45. Rb8 Qxa5 46. Rc1 Qa3 47. Rbb1 Qf3 48. Rb2 Qe3 49. Rbc2 d4 50. c6 d3 51. c7 dxc2 52. Rxc2 Qe4 53. c8Q Qh1+ 54. Rh2 Qf1+ 55. Kh4 1-0

[Event "Hasselbacken op"]
[Site "Stockholm"]
[Date "2000.08.03"]
[Round "4"]
[White "Sjoberg, Mats"]
[Black "Kyhle, Bo"]
[Result "1/2-1/2"]
[WhiteElo "2357"]
[BlackElo "2280"]
[PlyCount "116"]
[EventDate "2000.07.31"]
[EventType "swiss"]
[EventRounds "9"]
[EventCountry "SWE"]
[SourceTitle "CBM 078"]
[Source "ChessBase"]
[SourceDate "2000.10.18"]
[SourceVersion "1"]
[SourceVersionDate "2000.10.18"]
[SourceQuality "1"]

1. d4 Nf6 2. c4 g6 3. Nc3 Bg7 4. e4 d6 5. Be2 0-0 6. Bg5 h6 7. Be3 c5 8. d5 e6 9. Qd2 exd5 10. exd5 h5 11. h3 Re8 12. Nf3 Na6 13. 0-0 Nc7 14. Ng5 Bf5 15. Rae1 Qd7 16. Bf4 a6 17. Nd1 b5 18. Ne3 bxc4 19. Nxc4 Nfxd5 20. Bxd6 Rad8 21. Bf3 Nf6 22. Qc1 Ne6 23. Nxe6 Bxe6 24. Bxc5 Qc7 25. b4 Nd5 26. Rd1 Nxb4 27. Rxd8 Rxd8 28. Bb6 Qxc4 29. Bxd8 Nxa2 30. Qg5 Qb5 31. Qf4 Qe5 32. Qxe5 Bxe5 33. Be2 Nb4 34. Rb1 Nc6 35. Bb6 Ba2 36. Rc1 Nb4 37. Ba5 Nd5 38. Bxa6 Nf4 39. Bc4 Bxc4 40. Rxc4 Ne6 41. Kf1 Kg7 42. Bc3 Bxc3 43. Rxc3 Nf4 44. Rc4 g5 45. h4 Ne6 46. hxg5 Nxg5 47. Ke2 Kg6 48. Ke3 f6 49. Rc5 Ne6 50. Ra5 Ng5 51. Kf4 Ne6+ 52. Kg3 Ng7 53. Kh4 Kh6 54. g3 Kg6 55. f4 Kh6 56. f5 Kh7 57. Ra7 Kh6 58. g4 Nxf5+ 1/2-1/2

[Event "Salongernas Elo"]
[Site "Stockholm"]
[Date "1996.??.??"]
[Round "?"]
[White "Kyhle, Bo"]
[Black "Henriksson, Johan"]
[Result "1/2-1/2"]
[WhiteElo "2290"]
[BlackElo "2140"]
[PlyCount "90"]
[EventDate "1996.??.??"]
[EventType "tourn"]
[EventRounds "9"]
[EventCountry "SWE"]
[SourceTitle "EXT 1999"]
[Source "ChessBase"]
[SourceDate "1998.11.16"]
[SourceVersion "1"]
[SourceVersionDate "1998.11.16"]
[SourceQuality "1"]

1. c4 g6 2. Nc3 Bg7 3. d4 d6 4. e4 Nc6 5. d5 Nd4 6. Nge2 c5 7. Nxd4 cxd4 8. Nb5 Qb6 9. c5 Qxc5 10. Bd2 Qb6 11. Qa4 Bd7 12. Ba5 Qc5 13. Qb3 Rc8 14. Bb4 Qb6 15. a4 a6 16. a5 Qd8 17. Na3 Nf6 18. Bd3 0-0 19. 0-0 Ne8 20. Bd2 Rb8 21. Nc4 Nc7 22. Nb6 Bb5 23. Rfc1 Bxd3 24. Qxd3 Nb5 25. Rc4 e5 26. Qh3 f5 27. f3 Qe7 28. Rac1 Qf7 29. Qh4 Bf6 30. Qe1 Bd8 31. Na4 Qd7 32. Qe2 f4 33. Qd3 Rf7 34. Qc2 Bc7 35. Nb6 Bxb6 36. axb6 g5 37. Rc8+ Rxc8 38. Qxc8+ Qxc8 39. Rxc8+ Rf8 40. Rc4 Kf7 41. Kf2 Ke7 42. Ke2 Kd7 43. Kd3 Rg8 44. h3 h5 45. Rc1 h4 1/2-1/2

[Event "Sollentuna op"]
[Site "Sollentuna"]
[Date "1995.??.??"]
[Round "8"]
[White "Kyhle, Bo"]
[Black "Andersson, Mats"]
[Result "1/2-1/2"]
[WhiteElo "2260"]
[BlackElo "2350"]
[PlyCount "59"]
[EventDate "1995.??.??"]
[EventType "swiss"]
[EventRounds "9"]
[EventCountry "SWE"]
[SourceTitle "EXT 1997"]
[Source "ChessBase"]
[SourceDate "1996.11.15"]
[SourceVersion "1"]
[SourceVersionDate "1996.11.15"]
[SourceQuality "1"]

1. e4 e5 2. Nf3 Nc6 3. Bb5 a6 4. Ba4 Nf6 5. d4 exd4 6. 0-0 Be7 7. Re1 0-0 8. e5 Ne8 9. Bxc6 dxc6 10. Qxd4 Bf5 11. c3 c5 12. Qxd8 Rxd8 13. Bf4 f6 14. Nbd2 fxe5 15. Bxe5 Rf7 16. Bg3 Bf8 17. Ne4 Nf6 18. Neg5 Rfd7 19. Ne6 Bxe6 20. Rxe6 Nh5 21. Rae1 Nxg3 22. hxg3 Rd1 23. g4 R8d6 24. Rxd6 Rxd6 25. Kf1 c4 26. Re2 Rd1+ 27. Re1 Rd6 28. Re2 Rd1+ 29. Re1 Rd6 30. Re2 1/2-1/2

[Event "Stockholm op2"]
[Site "Stockholm"]
[Date "1994.??.??"]
[Round "3"]
[White "Kyhle, Bo"]
[Black "Degerman, Lars"]
[Result "0-1"]
[WhiteElo "2265"]
[BlackElo "2465"]
[PlyCount "42"]
[EventDate "1994.??.??"]
[EventType "swiss"]
[EventRounds "9"]
[EventCountry "SWE"]
[SourceTitle "EXT 2000"]
[Source "ChessBase"]
[SourceDate "1999.11.16"]
[SourceVersion "1"]
[SourceVersionDate "1999.11.16"]
[SourceQuality "1"]

1. d4 d5 2. Nf3 Nf6 3. c4 dxc4 4. e3 e6 5. Bxc4 c5 6. 0-0 a6 7. a4 b6 8. Nc3 Bb7 9. Qe2 Nbd7 10. Rd1 Qc7 11. e4 cxd4 12. Nxd4 Ne5 13. Ba2 Neg4 14. g3 Bc5 15. f3 Rd8 16. Bf4 Bxd4+ 17. Rxd4 Qc5 18. fxg4 Qxd4+ 19. Be3 Qb4 20. Rf1 Nxe4 21. g5 Nxc3 0-1

[Event "Stockholm op"]
[Site "Stockholm"]
[Date "1994.??.??"]
[Round "?"]
[White "Kyhle, Bo"]
[Black "Samuelsson, Sven Gunnar"]
[Result "1/2-1/2"]
[WhiteElo "2260"]
[BlackElo "2205"]
[PlyCount "35"]
[EventDate "1994.??.??"]
[EventType "swiss"]
[EventRounds "9"]
[EventCountry "SWE"]
[SourceTitle "EXT 2000"]
[Source "ChessBase"]
[SourceDate "1999.11.16"]
[SourceVersion "1"]
[SourceVersionDate "1999.11.16"]
[SourceQuality "1"]

1. c4 Nf6 2. Nf3 c6 3. g3 d5 4. b3 Bf5 5. Bb2 e6 6. Bg2 Nbd7 7. 0-0 Bd6 8. d3 Qe7 9. Nbd2 0-0 10. Re1 Ba3 11. Qc1 Bxb2 12. Qxb2 h6 13. Rac1 Bh7 14. Ne5 Nxe5 15. Qxe5 Qb4 16. Nf3 a5 17. Qc3 Qxc3 18. Rxc3 1/2-1/2

[Event "Salongernas Elo"]
[Site "Stockholm"]
[Date "1993.??.??"]
[Round "?"]
[White "Andersson, Mats"]
[Black "Kyhle, Bo"]
[Result "1-0"]
[WhiteElo "2325"]
[BlackElo "2245"]
[PlyCount "113"]
[EventDate "1993.??.??"]
[EventType "tourn"]
[EventRounds "8"]
[EventCountry "SWE"]
[SourceTitle "EXT 2002"]
[Source "ChessBase"]
[SourceDate "2001.11.25"]
[SourceVersion "1"]
[SourceVersionDate "2001.11.25"]
[SourceQuality "1"]

1. d4 Nf6 2. c4 g6 3. Nc3 Bg7 4. e4 d6 5. Nf3 0-0 6. Be2 e5 7. 0-0 Nc6 8. d5 Ne7 9. Nd2 a5 10. a3 c5 11. Rb1 Ne8 12. b4 axb4 13. axb4 b6 14. Qb3 f5 15. bxc5 bxc5 16. Nf3 h6 17. Ne1 Nf6 18. f3 g5 19. Nd3 Ng6 20. g3 Qe7 21. Bd2 Kh8 22. Ra1 Rxa1 23. Rxa1 g4 24. fxg4 fxe4 25. Nf2 e3 26. Bxe3 e4 27. Ra8 Ne5 28. Ncxe4 Nxe4 29. Nxe4 Bxg4 30. Rxf8+ Bxf8 31. Kf2 Bf5 32. Nd2 Bg7 33. Bf4 Kh7 34. Bxe5 Qxe5 35. Bd3 Qd4+ 36. Ke2 Qg4+ 37. Nf3 Be4 38. Bxe4+ Qxe4+ 39. Kd2 Qg4 40. Qd3+ Kh8 41. Ke3 Qc8 42. Qg6 Qa6 43. Qe8+ Kh7 44. Qe4+ Kg8 45. Kf4 Qa1 46. Qe6+ Kh7 47. Kf5 Qc3 48. Qe4 Kh8 49. Kg4 Qc1 50. Kh5 Qc3 51. Qf4 Qc2 52. Nh4 Qe2+ 53. Qg4 Qe5+ 54. Qf5 Qe2+ 55. g4 Qxh2 56. Kg6 Qxh4 57. Qc8+ 1-0

[Event "Salongernas Elo"]
[Site "Stockholm"]
[Date "1993.??.??"]
[Round "?"]
[White "Cramling, Dan"]
[Black "Kyhle, Bo"]
[Result "1-0"]
[WhiteElo "2420"]
[BlackElo "2245"]
[PlyCount "78"]
[EventDate "1993.??.??"]
[EventType "tourn"]
[EventRounds "8"]
[EventCountry "SWE"]
[SourceTitle "EXT 2002"]
[Source "ChessBase"]
[SourceDate "2001.11.25"]
[SourceVersion "1"]
[SourceVersionDate "2001.11.25"]
[SourceQuality "1"]

1. c4 Nf6 2. Nc3 g6 3. e4 d6 4. d4 Bg7 5. Nf3 0-0 6. Be2 e5 7. d5 a5 8. Bg5 h6 9. Bh4 Na6 10. Nd2 h5 11. a3 Bd7 12. Rb1 Nc5 13. b4 axb4 14. axb4 Na4 15. Nxa4 Rxa4 16. 0-0 Qe8 17. Qc2 Nh7 18. f3 Bh6 19. Bf2 f5 20. c5 Bb5 21. Bxb5 Qxb5 22. Nc4 Ra6 23. Ra1 Nf6 24. Rxa6 Qxa6 25. exf5 gxf5 26. cxd6 cxd6 27. b5 Qxb5 28. Nxd6 Qxd5 29. Nxf5 Qd2 30. Qb3+ Kh8 31. Qxb7 Rg8 32. Bg3 Be3+ 33. Kh1 Bf4 34. Qf7 Nh7 35. Qxh5 Qd3 36. Rg1 Qd7 37. Bxf4 exf4 38. Nh6 Rg7 39. Qe5 Ng5 1-0

[Event "Salongernas Elo"]
[Site "Stockholm"]
[Date "1993.??.??"]
[Round "?"]
[White "Kyhle, Bo"]
[Black "Sjoberg, Mats"]
[Result "0-1"]
[WhiteElo "2245"]
[BlackElo "2475"]
[PlyCount "86"]
[EventDate "1993.??.??"]
[EventType "tourn"]
[EventRounds "8"]
[EventCountry "SWE"]
[SourceTitle "EXT 2002"]
[Source "ChessBase"]
[SourceDate "2001.11.25"]
[SourceVersion "1"]
[SourceVersionDate "2001.11.25"]
[SourceQuality "1"]

1. d4 Nf6 2. c4 e6 3. Nc3 Bb4 4. e3 b6 5. a3 Bxc3+ 6. bxc3 Bb7 7. f3 d5 8. Bd3 c5 9. cxd5 Nxd5 10. Ne2 Nd7 11. 0-0 0-0 12. e4 Ne7 13. Be3 Qc8 14. Ng3 Ba6 15. Qe2 Bxd3 16. Qxd3 Qc6 17. Rac1 Qa4 18. f4 c4 19. Qe2 f5 20. d5 exd5 21. exf5 Nxf5 22. Nxf5 Rxf5 23. Bd4 Qc6 24. Rce1 Raf8 25. g4 Qg6 26. Qg2 R5f7 27. f5 Qd6 28. Rf3 Nc5 29. Re5 Nd3 30. Rxd3 cxd3 31. Qd2 Re7 32. Rxe7 Qxe7 33. Qxd3 Re8 34. Bf2 Qe4 35. Qg3 Qc2 36. h3 Qc1+ 37. Kg2 Qxa3 38. Qd3 Qa2 39. Kg3 Qc4 40. Qd2 Re2 41. Qg5 Qxc3+ 42. Kg2 Qf6 43. Qc1 h6 0-1